Southville International School and Colleges
Your cart is empty.
  • Cart
  • Lists
    Public lists Eva Luna New books Lux_list list_1
    Your lists Log in to create your own lists
  • Log in to your account
  • Your cookies
  • Search history
Southville International School and Colleges
  • Advanced search
  • Recent comments
  • Most popular
  • Libraries

Log in to your account

Log in with GOOGLE


If you do not have an external account, but do have a local account, you can still log in:

  1. Home
  2. MARC view: The effect of Nelumbo nucifera leaf tea extract on the Staphylococcus aureus growth /
Normal view MARC view ISBD view

The effect of Nelumbo nucifera leaf tea extract on the Staphylococcus aureus growth / (Record no. 99023)

[ view plain ]
MARC details
000 -LEADER
fixed length control field 00907nam a2200229 a 4500
003 - CONTROL NUMBER IDENTIFIER
control field 0
005 - DATE AND TIME OF LATEST TRANSACTION
control field 20250206203213.0
008 - FIXED-LENGTH DATA ELEMENTS--GENERAL INFORMATION
fixed length control field 130829s19uu xx 00 eng d
050 ## - LIBRARY OF CONGRESS CALL NUMBER
Classification number PGS QR 201.P78
Item number .K49 2013
100 ## - MAIN ENTRY--PERSONAL NAME
Personal name Kim, Hyoun Young (Wendy).
245 ## - TITLE STATEMENT
Title The effect of Nelumbo nucifera leaf tea extract on the Staphylococcus aureus growth /
Statement of responsibility, etc Hyoun Young Kim (Wendy).
260 ## - PUBLICATION, DISTRIBUTION, ETC. (IMPRINT)
Place of publication, distribution, etc Las Piñas City, Philippines :
Name of publisher, distributor, etc Southville International School and Colleges,
Date of publication, distribution, etc 2013.
300 ## - PHYSICAL DESCRIPTION
Extent 24 p. :
Other physical details ill. ;
Dimensions 28 cm.
504 ## - BIBLIOGRAPHY, ETC. NOTE
Bibliography, etc Includes bibliographical references.
650 ## - SUBJECT ADDED ENTRY--TOPICAL TERM
Topical term or geographic name as entry element Staphylococcus aureus
Form subdivision Growth.
650 ## - SUBJECT ADDED ENTRY--TOPICAL TERM
Topical term or geographic name as entry element Staphylococcus aureus
Form subdivision Effect of plant extracts on.
650 ## - SUBJECT ADDED ENTRY--TOPICAL TERM
Topical term or geographic name as entry element Nelumbo nucifera
Form subdivision Therapeutic use.
650 ## - SUBJECT ADDED ENTRY--TOPICAL TERM
Topical term or geographic name as entry element Plant extracts
Form subdivision Antibacterial properties.
650 ## - SUBJECT ADDED ENTRY--TOPICAL TERM
Topical term or geographic name as entry element Tea
Form subdivision Therapeutic use.
650 ## - SUBJECT ADDED ENTRY--TOPICAL TERM
Topical term or geographic name as entry element Medicinal plants
Form subdivision Antimicrobial properties.
942 ## - ADDED ENTRY ELEMENTS (KOHA)
Source of classification or shelving scheme Library of Congress Classification
Koha item type PASS
Holdings
Withdrawn status Lost status Source of classification or shelving scheme Damaged status Home library Current library Shelving location Date acquired Source of acquisition Total Checkouts Full call number Barcode Date last seen Price effective from Koha item type
    Library of Congress Classification   Luxembourg Library Luxembourg Library Portfolio Assessment of SISC Students Section 08/29/2013 Donation   PGS QR 201.P78 .K49 2013 P3124 04/08/2014 04/08/2014 PASS

The effect of Nelumbo nucifera leaf tea extract on the Staphylococcus aureus growth /

APA

Kim H. Y. (., . (2013). The effect of Nelumbo nucifera leaf tea extract on the Staphylococcus aureus growth. Las Piñas City, Philippines: Southville International School and Colleges.

Chicago

Kim Hyoun Young (Wendy), . 2013. The effect of Nelumbo nucifera leaf tea extract on the Staphylococcus aureus growth. Las Piñas City, Philippines: Southville International School and Colleges.

Harvard

Kim H. Y. (., . (2013). The effect of Nelumbo nucifera leaf tea extract on the Staphylococcus aureus growth. Las Piñas City, Philippines: Southville International School and Colleges.

MLA

Kim Hyoun Young (Wendy), . The effect of Nelumbo nucifera leaf tea extract on the Staphylococcus aureus growth. Las Piñas City, Philippines: Southville International School and Colleges. 2013.

  • Print
  • Cite
  • Add to your cart (remove)
  • Save record
    BIBTEX Dublin Core MARCXML MARC (non-Unicode/MARC-8) MARC (Unicode/UTF-8) MARC (Unicode/UTF-8, Standard) MODS (XML) RIS
  • More searches
    Search for this title in:
    Other Libraries (WorldCat) Other Databases (Google Scholar) Online Stores (Bookfinder.com) Open Library (openlibrary.org)

Exporting to Dublin Core...

SOUTHVILLE LIBRARY

Southville International School and Colleges Library

1281 Tropical Ave. Cor. Luxembourg St., BF Homes International, Las Pinas City

Tel. No. 8256374 / 252358 Loc. 117/146

Powered by Koha